| 000 -LEADER |
| fixed length control field |
01048nam a2200337 a 4500 |
| 001 - CONTROL NUMBER |
| control field |
017196996 |
| 003 - CONTROL NUMBER IDENTIFIER |
| control field |
UkOxU |
| 005 - DATE AND TIME OF LATEST TRANSACTION |
| control field |
20230426080106.0 |
| 008 - FIXED-LENGTH DATA ELEMENTS--GENERAL INFORMATION |
| fixed length control field |
070704s2007 enka j 000 1 eng |
| 015 ## - NATIONAL BIBLIOGRAPHY NUMBER |
| National bibliography number |
GBA753647 |
| Source |
bnb |
| 020 ## - INTERNATIONAL STANDARD BOOK NUMBER |
| International Standard Book Number |
9780746085431 (hbk.) : |
| 035 ## - SYSTEM CONTROL NUMBER |
| System control number |
(IeDuTC)b14785446 |
| 035 ## - SYSTEM CONTROL NUMBER |
| System control number |
(UkLCURL)08b14785446 |
| 038 ## - RECORD CONTENT LICENSOR |
| Record content licensor |
Uk |
| 040 ## - CATALOGING SOURCE |
| Original cataloging agency |
StDuBDS |
| Language of cataloging |
eng |
| Transcribing agency |
StDuBDS |
| Modifying agency |
KH8 |
| 049 ## - LOCAL HOLDINGS (OCLC) |
| Local processing data |
b |
| 082 04 - DEWEY DECIMAL CLASSIFICATION NUMBER |
| Classification number |
823.92 DAV |
| Edition number |
22 |
| 100 1# - MAIN ENTRY--PERSONAL NAME |
| Personal name |
Davidson, Susanna. |
| Relator term |
author |
| 245 10 - TITLE STATEMENT |
| Title |
Musicians of Bremen / |
| Statement of responsibility, etc. |
written by Susanna Davidson ; illustrated by Mike Gordon ; developed in conjunction with reading expert Alison Kelly. |
| 260 ## - PUBLICATION, DISTRIBUTION, ETC. |
| Place of publication, distribution, etc. |
London : |
| Name of publisher, distributor, etc. |
Usborne, |
| Date of publication, distribution, etc. |
2007. |
| 263 ## - PROJECTED PUBLICATION DATE |
| Projected publication date |
200709 |
| 300 ## - PHYSICAL DESCRIPTION |
| Extent |
1 v. : |
| Other physical details |
col. ill. ; |
| Dimensions |
20 cm. |
| 490 1# - SERIES STATEMENT |
| Series statement |
Usborne first reading. Level three |
| 650 #0 - SUBJECT ADDED ENTRY--TOPICAL TERM |
| Topical term or geographic name entry element |
Musicians |
| Form subdivision |
Juvenile fiction. |
| 650 #0 - SUBJECT ADDED ENTRY--TOPICAL TERM |
| Topical term or geographic name entry element |
Thieves |
| Form subdivision |
Juvenile fiction. |
| 700 1# - ADDED ENTRY--PERSONAL NAME |
| Personal name |
Gordon, Mike. |
| Relator term |
ill |
| 700 1# - ADDED ENTRY--PERSONAL NAME |
| Personal name |
Kelly, Alison. |
| 830 #0 - SERIES ADDED ENTRY--UNIFORM TITLE |
| Uniform title |
Usborne first reading. |
| Number of part/section of a work |
Level three. |
| 942 ## - ADDED ENTRY ELEMENTS (KOHA) |
| Source of classification or shelving scheme |
|
| Koha item type |
Books - Fiction |